| 000 | 012460000a22002770004500 | ||
|---|---|---|---|
| 003 | EG-GICUC | ||
| 005 | 20250223030130.0 | ||
| 008 | 091110s1969 ua d f m 000 0 ara d | ||
| 040 |
_aEG-GiCUC _bara _cEG-GiCUC |
||
| 041 | 0 | _aara | |
| 049 | _aايداع | ||
| 097 | _aماجستير | ||
| 099 | _aCai01.07.17.M.Sc.1969.وس.م | ||
| 100 | 0 | _aوسيمة مصطفى عفيفى | |
| 245 | 1 | 2 |
_aالمشاكل التموينية الاقتصادية لحبوب الخبز فى الجمهورية العربية المتحدة / _cوسيمة مصطفى عفيفى ؛ اشراف محمد محيى الدين نصرت : عصام منيب |
| 246 | 1 | 5 | _aSupply and economic problem of cereal crops in the United Arab Republic |
| 260 |
_aالقاهرة : _bوسيمة مصطفى عفيفى : _c1969 |
||
| 300 |
_a206ورقة : _bرسوم بيانية ؛ _c30سم |
||
| 502 | _aاطروحة(ماجستير) - جامعة القاهرة - كلية الزراعة - قسم الاقتصاد الزراعى | ||
| 700 | 0 |
_aعصام منيب : _eمشرف |
|
| 700 | 0 |
_aمحمد محيى الدين نصرت : _eمشرف |
|
| 856 | _uhttp://172.23.153.220/th.pdf | ||
| 905 |
_aNazla _eRevisor |
||
| 905 |
_aSoheir _eCataloger |
||
| 942 |
_2ddc _cTH |
||
| 999 |
_c28222 _d28222 |
||